zpět

Detail výsledku týmu

U Pošty - Vinohrady ČT, Praha

Datum a čas kvízu

40 Celkem bodů Celkový počet nahraných bodů na tomto kvízu bez doplňovacích otázek.
7. Pořadí na kvízu Konečné umístění týmu na tomto kvízu.

Zaznamenané odpovědi

# Otázka Odpověď Body Výsledky
1. Který český politik zveřejnil... Vít Rakušan 1
2. Na mezinárodní vesmírnou stani... americká (3 členové), ruská (1 člen) 1
3. Slavnostnímu předávání Oscarů... Medvídek Pú / Winnie the Pooh 0
4. Od středy minulého týdne je za... HHC 1
5. Do kterého týmu minulý týden v... Vegas Golden Knights 1
6. Začneme prvním českým králem p... Přemysl Otakar II., 1278 1
7. Další „slavnou“ prohrou, která... ve Francii 1
8. Za naši slavnou prohru lze ozn... D 1
9. Bitva na Bílé hoře zpečetila o... listopad 1620 1
10. Napište jména dvou mužů, kteří... Neville Chamberlain, Édouard Daladier 1